<?xml version="1.0" encoding="UTF-8"?>
<record
    xmlns:xsi="http://www.w3.org/2001/XMLSchema-instance"
    xsi:schemaLocation="http://www.loc.gov/MARC21/slim http://www.loc.gov/standards/marcxml/schema/MARC21slim.xsd"
    xmlns="http://www.loc.gov/MARC21/slim">

  <leader>03136cam a2200361Mi 4500</leader>
  <datafield tag="999" ind1=" " ind2=" ">
    <subfield code="c">27274</subfield>
    <subfield code="d">27274</subfield>
  </datafield>
  <controlfield tag="006">m     o  d        </controlfield>
  <controlfield tag="007">cr cn|||||||||</controlfield>
  <controlfield tag="008">141202t19921992enka    ob    001 0 eng d</controlfield>
  <datafield tag="020" ind1=" " ind2=" ">
    <subfield code="a">9781483287591</subfield>
    <subfield code="q">(electronic bk.)</subfield>
  </datafield>
  <datafield tag="020" ind1=" " ind2=" ">
    <subfield code="a">1483287599</subfield>
    <subfield code="q">(electronic bk.)</subfield>
  </datafield>
  <datafield tag="040" ind1=" " ind2=" ">
    <subfield code="a">E7B</subfield>
    <subfield code="b">eng</subfield>
    <subfield code="e">rda</subfield>
    <subfield code="e">pn</subfield>
  </datafield>
  <datafield tag="072" ind1=" " ind2="7">
    <subfield code="a">TEC</subfield>
    <subfield code="x">010000</subfield>
    <subfield code="2">bisacsh</subfield>
  </datafield>
  <datafield tag="082" ind1="0" ind2="4">
    <subfield code="a">628.16833</subfield>
    <subfield code="2">20</subfield>
  </datafield>
  <datafield tag="100" ind1="1" ind2=" ">
    <subfield code="a">Doerffer, Jerzy,</subfield>
  </datafield>
  <datafield tag="245" ind1="1" ind2="0">
    <subfield code="a">Oil spill response in the marine environment /</subfield>
  </datafield>
  <datafield tag="250" ind1=" " ind2=" ">
    <subfield code="a">First edition.</subfield>
  </datafield>
  <datafield tag="260" ind1=" " ind2=" ">
    <subfield code="a">Singapore :</subfield>
    <subfield code="b">Elsevier,</subfield>
    <subfield code="c">1992.</subfield>
  </datafield>
  <datafield tag="300" ind1=" " ind2=" ">
    <subfield code="a">1 online resource (398 pages) :</subfield>
    <subfield code="b">illustrations (some color)</subfield>
  </datafield>
  <datafield tag="504" ind1=" " ind2=" ">
    <subfield code="a">Includes bibliographical references and index.</subfield>
  </datafield>
  <datafield tag="505" ind1="0" ind2=" ">
    <subfield code="a">Front Cover; Oil Spill Response in the Marine Environment; Copyright Page; Table of Contents; Introduction; Chapter 1. Types and Characteristics of Oil; 1.1 Oil Characteristics; 1.2 Behaviour of Oil in Marine Environments; 1.3 Impact of Oil on Marine Environment; 1.4 Input of Oil to the Marine Environment; Chapter 2. Chemical Technology to an Oil Spill to an Oil Spill; 2.1 Natural Cleansing; 2.2 Chemical Barriers, Oil Sinking Agents and Sorbents; 2.3 Dispersion; 2.4 Burning of Oil at Sea; Chapter 3. Mechanical Response Technology to an Oil Spill; 3.1 Containment Systems.</subfield>
  </datafield>
  <datafield tag="505" ind1="8" ind2=" ">
    <subfield code="a">3.2 Clean-up Techniques on Water3.3 Oil Recovery Vessels; Chapter 4. Oil Spill Combating on Shores; 4.1 Impact of Oil on Shores; 4.2 Shoreline Clean-up; 4.3 Oil Pollution Combating Operations; 4.4 Oil Combating in Ice; 4.5 Disposal of Oil and Oily Debris; Chapter 5. Limitation of Spills and Contingency Planning; 5.1 Limitation of Spills; 5.2 Aerial Surveillance; 5.3 Oil Spill Training; 5.4 Contingency Planning; 5.5 International Cooperation; Glossary of Technical Terms; Selected Bibliography, Further Reading List; List of Tables; Index.</subfield>
  </datafield>
  <datafield tag="520" ind1=" " ind2=" ">
    <subfield code="a">The rapid economic development of many countries since World War II has resulted in a considerable increase in the marine transport of raw materials, especially of crude oils, and in offshore activities. Inevitably, operational discharges from ships (ballast and bilge water), incidents such as collisions and groundings, and offshore exploration of oil and gas, lead to a significant amount of oil going into the sea. So far, understanding of marine environments, of oil and its behaviour when released onto the water surface, and of the methods and means of response to an oil spill, has been rathe.</subfield>
  </datafield>
  <datafield tag="650" ind1=" " ind2="0">
    <subfield code="a">Oil pollution of the sea.</subfield>
  </datafield>
  <datafield tag="650" ind1=" " ind2="0">
    <subfield code="a">Oil spills</subfield>
    <subfield code="x">Environmental aspects.</subfield>
  </datafield>
  <datafield tag="650" ind1=" " ind2="6">
    <subfield code="a">Pollution marine par les hydrocarbures.</subfield>
  </datafield>
  <datafield tag="650" ind1=" " ind2="6">
    <subfield code="a">D&#xFFFD;eversements de p&#xFFFD;etrole</subfield>
    <subfield code="x">Aspect de l'environnement.</subfield>
  </datafield>
  <datafield tag="650" ind1=" " ind2="7">
    <subfield code="a">TECHNOLOGY &amp; ENGINEERING</subfield>
    <subfield code="x">Environmental</subfield>
    <subfield code="x">General.</subfield>
    <subfield code="2">bisacsh</subfield>
  </datafield>
  <datafield tag="650" ind1=" " ind2="7">
    <subfield code="a">Oil pollution of the sea.</subfield>
    <subfield code="2">fast</subfield>
  </datafield>
  <datafield tag="650" ind1=" " ind2="7">
    <subfield code="a">Oil spills</subfield>
    <subfield code="x">Environmental aspects.</subfield>
    <subfield code="2">fast</subfield>
  </datafield>
  <datafield tag="776" ind1="0" ind2="8">
    <subfield code="i">Print version:</subfield>
    <subfield code="a">Doerffer, Jerzy.</subfield>
    <subfield code="t">Oil spill response in the marine environment.</subfield>
    <subfield code="b">First edition.</subfield>
    <subfield code="d">Oxford, England : Pergamon Press, &#xFFFD;1992</subfield>
    <subfield code="h">391 pages</subfield>
    <subfield code="z">9780080410005</subfield>
  </datafield>
  <datafield tag="856" ind1="4" ind2="0">
    <subfield code="u">https://www.sciencedirect.com/science/book/9780080410005</subfield>
  </datafield>
  <datafield tag="942" ind1=" " ind2=" ">
    <subfield code="c">EBK</subfield>
  </datafield>
</record>
